000 00612nam a2200181Ia 4500
008 090123s9999 xx 000 0 und d
082 _b27023
100 _aशिरगांवकर मालती
245 _aसहल उत्तर भारताची
250 _a1
260 _bसन प्रकाशन
_c1997
300 _a142
600 _aशिरगांवकर मालती
630 _aसहल उत्तर भारताची
700 _aशिरगांवकर मालती
730 _aसहल उत्तर भारताची
942 _cBOOK
999 _c65181
_d65181